00926cam a2200253 a 450000100100000000500170001000800410002702000150006804000180008308200170010110000500011824500960016826000320026430000280029644000370032465000290036165000310039070000400042170000350046191000340049691000070053095201200053799900150065700000526020200929151626.0920313s1990 sp a 001 p spa  a8437609682 aDO-SdBNPcDLC a861.3bH967p1 aHurtado de Mendoza, Diego,d1503-1575.91500510aPoesía /cDiego Hurtado de Mendoza ; edición, Luis F. Díaz Larios y Olga Gete Carpio. aMadrid :bCátedra,c1990. a405 p. :bil. ;c18 cm. 0aLetras hispánicas ;v32894208 4aPoesía española9631 4aLiteratura española96321 aDíaz Larios, Luis F.,eed.9150061 aGete Carpio, Olga,eed.915007 aCatalogación por copia / LC aWM 001052708MOaGRbGRcHDd2009-08-18iLF1l0o861.3 H967pp5260-10r2020-06-25w2020-06-25y2ZPréstamo interno c5061d5061